Exodus of farmers (Record no. 70522)

MARC details
000 -LEADER
fixed length control field 01003cam a2200217 4500
001 - CONTROL NUMBER
control field WB3822-26
008 - FIXED-LENGTH DATA ELEMENTS--GENERAL INFORMATION
fixed length control field 020619n2002 000 0 eng u
035 ## - SYSTEM CONTROL NUMBER
System control number (Sirsi) u118467
245 ## - TITLE STATEMENT
Title Exodus of farmers
260 ## - PUBLICATION, DISTRIBUTION, ETC.
Date of publication, distribution, etc. 2002
490 ## - SERIES STATEMENT
Series statement NFU Press Release
Volume/sequential designation 18 June 2002, (2)
520 ## - SUMMARY, ETC.
Summary, etc. Launching 'UK Agriculture Review: Farming in Crisis', NFU warns that farmers have lost confidence in the future and government's commitment to them. The depressing state of the UK farming industry is illustrated by figures such as, 60 000 farmers and workers leaving the industry since 1988 and the value of farmers assets plunging by £1bn while their debts rose by £700 million. For NFU Press Release: http://www.nfu.org.uk/pr/4026896/stateofind2002.htm
590 ## - LOCAL NOTE (RLIN)
Local note WB
650 ## - SUBJECT ADDED ENTRY--TOPICAL TERM
Topical term or geographic name entry element FARMING FINANCE
650 ## - SUBJECT ADDED ENTRY--TOPICAL TERM
Topical term or geographic name entry element FARM INCOMES
650 ## - SUBJECT ADDED ENTRY--TOPICAL TERM
Topical term or geographic name entry element AGRICULTURE CRISIS
650 ## - SUBJECT ADDED ENTRY--TOPICAL TERM
Topical term or geographic name entry element FARMING BUSINESS
650 ## - SUBJECT ADDED ENTRY--TOPICAL TERM
Topical term or geographic name entry element COMPREHENSIVE SPENDING REVIEW
690 ## - LOCAL SUBJECT ADDED ENTRY--TOPICAL TERM (OCLC, RLIN)
Topical term or geographic name as entry element RURAL-AGRICULTURE AND FORESTRY
942 ## - ADDED ENTRY ELEMENTS (KOHA)
Suppress in OPAC 0
Holdings
Withdrawn status Lost status Source of classification or shelving scheme Damaged status Not for loan Home library Current library Shelving location Date acquired Total Checkouts Full call number Barcode Date last seen Copy number Price effective from Koha item type
    Dewey Decimal Classification     London London News article 19/06/2002   WB3822-26 118467-1001 06/08/2019 1 06/08/2019 News article